Регионална библиотека "Любен Каравелов" - Русе

La belle Helene (Запис номер 222112)

MARC детайли
000 -Лидер
Контролно поле с фиксирана дължина 00711njm a2200277 c 4500
003 - Код на организацията, давaща контролен номер
Контролно поле BLK
005 - Дата и час на последна редакция
Контролно поле 20240830160359.0
008 - Елементи от данни с фиксирана дължина
fixed length control field 180410b bul||n||s|||||||| n|bulo|
010 ## - Наследен системен номер
LC control number CDD00004115000
040 ## - Източник на каталожния запис
Идентификатор на билиотеката - собственик на записа BLK
041 ## - Код за език
Код за езика на текст/звукозапис или на отделно заглавие Български
Код за езика КДБФ Английски
100 ## - Редна дума - Автор
Автор Offenbach, Jacques
R(LIN) 353393
139 ## - Редно поле
Редна дума Offenbach, Jacques
Авторски знак Off - O 33
245 10 - Сведения за заглавието
Заглавие La belle Helene
Подзаглавни данни CD - 1
Редно поле (дума) Jacques Offenbach.
Том CD - 1
257 ## - Страна на издаване
Страна на създаване/издаване България
260 ## - Област на издателските данни
Година на издаване б. г.
380 ## - Жанр
Жанр Изкуство
590 ## - Забележки на библиотеката, притежаваща документа (RLIN)
Служебно S.N: 108320 от КНИГИ
852 ## - Местоположение
Форматна сигнатура Цб CD 585
Част 0
856 4# - Електронен адрес и достъп
Електронен формат pdf - файл
Път до файла /url/
856 4# - Електронен адрес и достъп
Електронен формат pdf - файл
Път до файла /url/
942 ## - АРТИКУЛИ
Вид на библиотечния материал Компактдискове
Скрит в OPAC Не
944 ## - СЪЗДАВАНЕ И РЕДАКЦИЯ на ЗАПИСА
Създаване/Редакция Създаване
Дата на регистрацията/редакция 15.10.2003
Служител, извършил регистрацията/редакцията 30560
Статус, дата на статуса Геновева Генчева
944 ## - СЪЗДАВАНЕ И РЕДАКЦИЯ на ЗАПИСА
Създаване/Редакция Редакция
Дата на регистрацията/редакция 15.10.2003
999 ## - СИСТЕМНИ КОНТРОЛНИ НОМЕРА
Koha biblionumber 222112
Koha biblioitemnumber 222112
999 ## - СИСТЕМНИ КОНТРОЛНИ НОМЕРА
Koha biblioitemnumber 222112
Наличности
Код за отписване Код за изгубен артикул Източник на класификационната схема Код за повреда Коз за рестрикции Код за отдаване Артикулен № Име на библиотеката - собственик Име на библиотеката, в която се намира в момента Статус (Текущо местоположение) Дата на вписване в системата Местоположение - отдел Цена в лева Инвентарен номер Систематично азбучна сигнатура Баркод Номер на екземпляра Цена в евро Служебна бележка Служебен тип на артикула
  Не е изгубен Universal Decimal Classification Не е повреден без рестрикции заемане за дома 394032 Регионална библиотека "Любен Каравелов" Русе Регионална библиотека "Любен Каравелов" Русе Отдел Изкуство - подръчен фонд 2003-10-15 Отдел Изкуство - подръчен фонд 6.00 250000000721 782/O-33 250000000721 1 3.07 Дост: Pk Вид: Ф N: 39 Дата: 15.10.2003 Компактдискове
Vip Innovations Ltd, Rousse, Bulgaria 2025